Dream Theater albums - Statistics

General Stats
  • This quiz has been taken 168 times
    125 since last reset
  • The average score is 11 of 14
Answer Stats
Year Album % Correct
1999 Metropolis Part 2: Scenes from a Memory
94%
1992 Images and Words
93%
2013 Dream Theater
90%
2005 Octavarium
90%
2002 Six Degrees of Inner Turbulence
86%
2003 Train of Thought
86%
1994 Awake
85%
2007 Systematic Chaos
82%
2009 Black Clouds & Silver Linings
81%
1997 Falling into Infinity
77%
2016 The Astonishing
77%
2011 A Dramatic Turn of Events
72%
1989 When Dream and Day Unite
70%
2019 Distance over Time
63%
No matching quizzes found
Score Distribution
Percent of People with Each Score
Percentile by Number Answered
Your Score History
You have not taken this quiz since the last reset